[Event "Tournoi Skype 013B"]
[Site "Skype"]
[Date "????.??.??"]
[Round "1.1"]
[White "Yeter, Orhan"]
[Black "Ramirez Reina, Orlando"]
[Result "0-1"]
[WhiteElo "1343"]
[BlackElo "1475"]
[PlyCount "100"]

1. e4 d6 2. d4 Nf6 3. Nc3 g6 4. Nf3 Bg7 5. Bc4 O-O 6. O-O Nxe4 7. Nxe4 d5 8.
Bb5 dxe4 9. Ne5 Bxe5 10. dxe5 c6 11. Qxd8 Rxd8 12. Bc4 b5 13. Bd3 exd3 14. cxd3
Rxd3 15. Bg5 f6 16. exf6 exf6 17. Bxf6 Kf7 18. Bg5 Rd5 19. f4 Be6 20. Rae1 Nd7
21. a3 a6 22. b4 Re8 23. h3 Nf6 24. Bxf6 Kxf6 25. g4 Bd7 26. Rxe8 Bxe8 27. g5+
Kf7 28. h4 Rd3 29. Ra1 Ke6 30. a4 Kf5 31. axb5 axb5 32. Ra8 Bd7 33. Rf8+ Kg4
34. Rf7 Kg3 35. Kf1 Kxh4 36. Rxh7+ Kg3 37. Rf7 Bf5 38. Rf6 Rc3 39. Ke1 Kxf4 40.
Kd2 Rc2+ 41. Kd1 Rc4 42. Kd2 Kxg5 43. Rd6 Kf4 44. Ke2 g5 45. Kf2 Rc2+ 46. Kg1
g4 47. Rd4+ Kg3 48. Rd1 Kh3 49. Re1 g3 50. Re5 Rc1+ 0-1

[Event "Tournoi Skype 013B"]
[Site "Skype"]
[Date "????.??.??"]
[Round "1.2"]
[White "Gieschen, Mike"]
[Black "Porcabeuf, Jean-Marc"]
[Result "0-1"]
[WhiteElo "1466"]
[BlackElo "1332"]
[PlyCount "58"]

1. e4 e6 2. Nf3 d5 3. e5 c5 4. Bb5+ Bd7 5. Bxd7+ Nxd7 6. d4 h6 7. O-O Ne7 8. c3
Ng6 9. Be3 b6 10. Nbd2 Be7 11. Qe2 O-O 12. Rac1 f6 13. dxc5 bxc5 14. Qd3 Ndxe5
15. Nxe5 Nxe5 16. Qb5 c4 17. b3 Rc8 18. Bxa7 cxb3 19. axb3 Qc7 20. Bb6 Qd6 21.
Bc5 Qc7 22. Bxe7 Qxe7 23. Rfe1 Qd6 24. f4 Ng4 25. g3 f5 26. c4 dxc4 27. Rxc4
Qxd2 28. Rxc8 Qf2+ 29. Kh1 Qxh2# 0-1

[Event "Tournoi Skype 013B"]
[Site "Skype"]
[Date "????.??.??"]
[Round "1.3"]
[White "Steenkamp, Brandt"]
[Black "Ryan, Lea"]
[Result "1/2-1/2"]
[WhiteElo "1332"]
[BlackElo "1438"]
[PlyCount "109"]

1. e4 e5 2. d4 d5 3. exd5 Qxd5 4. Nc3 Qd7 5. Bb5 c6 6. dxe5 Qxd1+ 7. Kxd1 cxb5
8. Nxb5 Na6 9. Nd6+ Bxd6 10. exd6 Nf6 11. Ke1 O-O 12. Kf1 Rd8 13. Bf4 Bf5 14.
c4 Rac8 15. Rc1 b6 16. Nf3 h6 17. Nd4 Bg6 18. Nb5 Rd7 19. Kg1 Ne4 20. f3 Nf6
21. Nd4 Ne8 22. Nb5 Bd3 23. b3 Bh7 24. Re1 g5 25. Re7 Rxe7 26. dxe7 gxf4 27.
Nd6 Nxd6 28. c5 Nxc5 29. b4 Nd7 30. g3 Re8 31. a4 Rxe7 32. gxf4 Re1+ 33. Kg2
Rxh1 34. Kxh1 Bc2 35. a5 bxa5 36. bxa5 Nb7 37. a6 Nbc5 38. Kg2 Nxa6 39. h4 Nac5
40. Kf2 a5 41. Ke3 a4 42. Kd4 a3 43. Kc3 Bb3 44. f5 a2 45. Kb2 Nd3+ 46. Ka1
N7e5 47. f6 Ng4 48. fxg4 Be6 49. h5 Nc5 50. Kb2 Nd3+ 51. Ka1 Nf4 52. Kb2 Bxg4
53. Kc3 a1=Q+ 54. Kc4 Qa6+ 55. Kd4 1/2-1/2

[Event "Tournoi Skype 013B"]
[Site "Skype"]
[Date "????.??.??"]
[Round "1.4"]
[White "Kruzeniski, Randy"]
[Black "Gharbi, Said"]
[Result "1-0"]
[WhiteElo "1437"]
[BlackElo "1322"]
[PlyCount "53"]

1. e4 e5 2. Nf3 Nf6 3. d3 Bc5 4. h3 O-O 5. c3 d5 6. b4 Bb6 7. Nbd2 c5 8. bxc5
Bxc5 9. Nxe5 d4 10. Nb3 dxc3 11. Nxc5 Qd4 12. Ba3 Qxe5 13. Rb1 b6 14. Na4 Qa5
15. Bb4 Qa6 16. Bxf8 Kxf8 17. Nxc3 Nc6 18. d4 Qb7 19. d5 Na5 20. Bd3 Bd7 21.
O-O Re8 22. f4 Qc8 23. Rc1 Qc5+ 24. Kh2 h5 25. Nb5 Qe3 26. Rf3 Qxd3 27. Qxd3
1-0

[Event "Tournoi Skype 013B"]
[Site "Skype"]
[Date "????.??.??"]
[Round "1.5"]
[White "Prasad, Sanjay"]
[Black "Maneval, Dustin"]
[Result "0-1"]
[WhiteElo "1312"]
[BlackElo "1436"]
[PlyCount "60"]

1. c4 g6 2. Nc3 Bg7 3. e4 d6 4. Nf3 Nf6 5. d3 O-O 6. Bf4 Nh5 7. Qd2 f5 8. e5
Nxf4 9. Qxf4 Nc6 10. exd6 exd6 11. a3 Re8+ 12. Be2 Ne5 13. O-O Bd7 14. d4 Nxf3+
15. Bxf3 g5 16. Qd2 c6 17. d5 g4 18. dxc6 bxc6 19. Be2 Be5 20. g3 Re6 21. Bd3
Rg6 22. Rae1 h5 23. c5 h4 24. Bc4+ Kg7 25. f4 gxf3 26. Rxf3 hxg3 27. hxg3 Bxg3
28. Rxg3 Rxg3+ 29. Kf2 Qh4 30. Qd4+ Qxd4+ 0-1

[Event "Tournoi Skype 013B"]
[Site "Skype"]
[Date "????.??.??"]
[Round "1.6"]
[White "Talbot, Jacques"]
[Black "Picard, Mario"]
[Result "1-0"]
[WhiteElo "1436"]
[BlackElo "1309"]
[PlyCount "73"]

1. e4 e5 2. Nf3 Nc6 3. d4 exd4 4. Nxd4 Nxd4 5. Qxd4 Nf6 6. Nc3 c5 7. Qd1 Be7 8.
Bd3 O-O 9. O-O d6 10. h3 Re8 11. Re1 Be6 12. Bg5 d5 13. e5 Ne4 14. Bxe7 Rxe7
15. Nxe4 dxe4 16. Bxe4 Qxd1 17. Raxd1 Rc8 18. c3 f5 19. exf6 Rf7 20. Bxh7+ Kxh7
21. Rxe6 Rxf6 22. Rxf6 gxf6 23. Rd7+ Kg6 24. Rxb7 Re8 25. Kf1 Rd8 26. Rxa7 Rd1+
27. Ke2 Rd6 28. Rc7 Re6+ 29. Kf3 Re5 30. Rd7 Rf5+ 31. Ke2 Re5+ 32. Kd3 Kf5 33.
c4 Kf4 34. Rd5 Rxd5+ 35. cxd5 Ke5 36. Kc4 Kd6 37. a4 1-0

[Event "Tournoi Skype 013B"]
[Site "Skype"]
[Date "????.??.??"]
[Round "1.8"]
[White "Ali Baig, Zulfqar"]
[Black "Vervoort, Jean-Louis"]
[Result "0-1"]
[WhiteElo "1425"]
[BlackElo "1262"]
[PlyCount "120"]

1. d4 d5 2. c4 c6 3. e3 Nf6 4. Nc3 e6 5. Nf3 Bb4 6. Qb3 a5 7. Bd3 O-O 8. O-O
Na6 9. Bd2 Bxc3 10. Bxc3 Bd7 11. Qxb7 Bc8 12. Qxc6 Rb8 13. Qa4 Bd7 14. Qxa5
Qxa5 15. Bxa5 Rxb2 16. cxd5 Nb4 17. dxe6 Bxe6 18. Bxb4 Rxb4 19. Rfc1 Rfb8 20.
Ng5 Rb2 21. Nxe6 fxe6 22. Bc4 Kf7 23. f3 Nd7 24. e4 Nb6 25. Bb3 Ke7 26. e5 Nd5
27. Bxd5 exd5 28. Rc7+ Kf8 29. Rd7 Re2 30. Rxd5 Rbb2 31. a4 Rxg2+ 32. Kf1 Rxh2
33. Kg1 Rbg2+ 34. Kf1 Rf2+ 35. Kg1 Rhg2+ 36. Kh1 Rh2+ 37. Kg1 Rfg2+ 38. Kf1 Rg3
39. a5 Rxf3+ 40. Kg1 Rfh3 41. a6 Rh1+ 42. Kg2 R3h2+ 43. Kg3 Rxa1 44. Kxh2 Rxa6
45. Rd6 Ra2+ 46. Kg3 Ke7 47. d5 Ra7 48. Rc6 Rd7 49. d6+ Ke6 50. Kf4 Kd5 51. Rc7
Ke6 52. Rxd7 Kxd7 53. Ke4 Ke6 54. Kf4 h5 55. Kg5 g6 56. Kxg6 h4 57. Kg5 h3 58.
Kh4 h2 59. d7 Kxd7 60. Kg3 h1=Q 0-1

[Event "Tournoi Skype 013B"]
[Site "Skype"]
[Date "????.??.??"]
[Round "1.9"]
[White "Cengiz, Cem"]
[Black "Gerbaux, Regis"]
[Result "0-1"]
[WhiteElo "1242"]
[BlackElo "1421"]
[PlyCount "132"]

1. e4 c5 2. Nf3 d6 3. c3 Nf6 4. e5 Ng4 5. exd6 exd6 6. h3 Nf6 7. d4 Be7 8. Qb3
b6 9. Ng5 O-O 10. Bc4 d5 11. Bd3 c4 12. Bxc4 dxc4 13. Qxc4 Qd5 14. Qxd5 Nxd5
15. Nf3 Ba6 16. Nbd2 Re8 17. c4 Bc5+ 18. Kd1 Bxd4 19. Nxd4 Nf4 20. Nb5 Bxb5 21.
cxb5 Nxg2 22. b3 Nd7 23. Bb2 Nf4 24. Rg1 Ne5 25. Bxe5 Rxe5 26. Rg3 Rae8 27. Kc2
Rc8+ 28. Nc4 Ne2 29. Re3 Nd4+ 30. Kd3 Rxe3+ 31. fxe3 Nf3 32. Rf1 Rd8+ 33. Ke2
Nh4 34. Rc1 Nf5 35. Kf2 h6 36. Ne5 Re8 37. e4 Rxe5 38. Rc8+ Kh7 39. exf5 Rxf5+
40. Ke2 Rxb5 41. Rc7 Re5+ 42. Kd2 a5 43. Rxf7 Rh5 44. Rb7 Rb5 45. Kc2 Rc5+ 46.
Kb2 Kg6 47. Rxb6+ Kg5 48. b4 axb4 49. a4 bxa3+ 50. Kxa3 Rc3+ 51. Kb4 Rxh3 52.
Rb5+ Kg4 53. Rb7 Kg5 54. Rxg7+ Kh5 55. Rf7 Kg5 56. Kc5 Rh4 57. Kd6 Rf4 58. Rxf4
Kxf4 59. Kd5 h5 60. Kd4 h4 61. Kd3 h3 62. Ke2 Kg3 63. Kd3 h2 64. Kd4 h1=Q 65.
Kc4 Qe4+ 66. Kc5 Kf4 0-1

[Event "Tournoi Skype 013B"]
[Site "Skype"]
[Date "????.??.??"]
[Round "1.10"]
[White "De Coninck, Philippe"]
[Black "Melin, Christiane"]
[Result "1-0"]
[WhiteElo "1419"]
[BlackElo "1236"]
[PlyCount "25"]

1. e4 e5 2. Nf3 Nc6 3. Bb5 Bb4 4. c3 Nf6 5. Bxc6 bxc6 6. Nxe5 O-O 7. cxb4 Rb8
8. a3 d6 9. Nxc6 Qd7 10. Nxb8 Nxe4 11. Nxd7 Bxd7 12. O-O h5 13. Qxh5 1-0

[Event "Tournoi Skype 013B"]
[Site "Skype"]
[Date "????.??.??"]
[Round "1.11"]
[White "Lequeux, Pierre"]
[Black "Hargez, Dany"]
[Result "0-1"]
[WhiteElo "1232"]
[BlackElo "1418"]
[PlyCount "58"]

1. c4 e5 2. Nc3 Bb4 3. e4 Nf6 4. Nf3 Bxc3 5. bxc3 Nxe4 6. Nxe5 O-O 7. Bd3 Nf6
8. Be2 d5 9. d3 Re8 10. Ng4 Bxg4 11. O-O Bxe2 12. Qe1 Re7 13. Ba3 Re8 14. Qd2
Bxf1 15. Rxf1 Re6 16. cxd5 Nxd5 17. c4 Nf6 18. d4 Qe8 19. h3 Re2 20. Qa5 b6 21.
Qb4 Nbd7 22. Qc3 Ne4 23. Qb4 Nd2 24. Rd1 Re1+ 25. Rxe1 Qxe1+ 26. Kh2 Qxf2 27.
h4 Re8 28. c5 Re2 29. c6 Qxg2# 0-1

[Event "Tournoi Skype 013B"]
[Site "Skype"]
[Date "????.??.??"]
[Round "1.12"]
[White "Ali, Mohammad"]
[Black "Alverson, Ginny"]
[Result "1-0"]
[WhiteElo "1399"]
[BlackElo "1222"]
[PlyCount "49"]

1. e4 c5 2. Nf3 d6 3. d4 cxd4 4. Nxd4 Nc6 5. Nc3 Nf6 6. Be3 Bg4 7. Be2 Ne5 8.
f4 Bxe2 9. Qxe2 Neg4 10. Bd2 Rc8 11. h3 Nh6 12. O-O-O Qa5 13. Qb5+ Qxb5 14.
Ndxb5 Rc5 15. Be3 Rh5 16. e5 Nd7 17. exd6 exd6 18. Nxd6+ Bxd6 19. Rxd6 Nf5 20.
Rd3 Ng3 21. Re1 Ra5 22. Bb6+ Ne2+ 23. Rxe2+ Re5 24. Rxe5+ Nxe5 25. Rd8+ 1-0

[Event "Tournoi Skype 013B"]
[Site "Skype"]
[Date "????.??.??"]
[Round "1.13"]
[White "Farthouat, Titoine"]
[Black "Altinkayik, Okan"]
[Result "0-1"]
[WhiteElo "1211"]
[BlackElo "1399"]
[PlyCount "62"]

1. e4 e5 2. Nf3 Nc6 3. Bb5 Qe7 4. d3 Qb4+ 5. Nc3 Nd4 6. Bc4 b5 7. a3 Qa5 8. Bd5
c6 9. Ba2 b4 10. axb4 Qxb4 11. Nxe5 Ne6 12. Qh5 g6 13. Qf3 f6 14. Bxe6 dxe6 15.
Nxc6 Qb6 16. e5 Bb7 17. Na4 Qxc6 18. Qxc6+ Bxc6 19. exf6 Nxf6 20. Bg5 Bg7 21.
Nc5 Bd5 22. O-O O-O 23. c4 Rac8 24. Ra5 Bc6 25. Nxe6 Rf7 26. Rfa1 Re8 27. Nxg7
Kxg7 28. Rxa7 Ree7 29. Rxe7 Rxe7 30. Bxf6+ Kxf6 31. Ra6 Re1# 0-1

[Event "Tournoi Skype 013B"]
[Site "Skype"]
[Date "????.??.??"]
[Round "1.14"]
[White "Battaglia, Gabriele"]
[Black "Martin, Elise"]
[Result "1-0"]
[WhiteElo "1246"]
[BlackElo "1206"]
[PlyCount "55"]

1. d4 e6 2. Nf3 d5 3. e3 Nd7 4. Bd3 Ngf6 5. O-O Be7 6. Nbd2 O-O 7. c3 b6 8. Qc2
Re8 9. h3 Bb7 10. Re1 c5 11. Qb1 g6 12. e4 dxe4 13. Nxe4 Bxe4 14. Bxe4 Rb8 15.
Bf4 Rc8 16. Bb7 cxd4 17. Bxc8 Qxc8 18. cxd4 Nh5 19. Qe4 Nhf6 20. Qd3 Bf8 21.
Rac1 Qa6 22. Qxa6 Nh5 23. Be5 Nxe5 24. dxe5 Bh6 25. Rc8 Rxc8 26. Qxc8+ Kg7 27.
Re4 Bg5 28. Nxg5 1-0

[Event "Tournoi Skype 013B"]
[Site "Skype"]
[Date "????.??.??"]
[Round "1.15"]
[White "Amato, Ludovica"]
[Black "Bustos, Ricardo"]
[Result "1-0"]
[WhiteElo "1199"]
[BlackElo "1399"]
[PlyCount "49"]

1. g3 d5 2. Nf3 Nf6 3. Bg2 e6 4. O-O Be7 5. Nc3 O-O 6. d3 c5 7. e4 d4 8. Nb5 a6
9. Nbxd4 cxd4 10. Bg5 Nc6 11. e5 Ng4 12. Bf4 Qc7 13. Re1 f6 14. exf6 Bd6 15.
Bg5 Nxf6 16. Qe2 e5 17. Rad1 b5 18. c4 Bb4 19. Rf1 bxc4 20. dxc4 Bb7 21. c5
Bxc5 22. Qc4+ Qf7 23. Qxc5 Nd7 24. Qa3 Qe7 25. Bxe7 1-0

[Event "Tournoi Skype 013B"]
[Site "Skype"]
[Date "????.??.??"]
[Round "1.16"]
[White "Hernandez, George"]
[Black "Kruk, Clementine"]
[Result "1-0"]
[WhiteElo "1399"]
[BlackElo "1199"]
[PlyCount "55"]

1. e4 e5 2. Nf3 Nc6 3. Bc4 Nf6 4. O-O d6 5. h3 b6 6. Nc3 Bb7 7. a3 Be7 8. d3
Nd4 9. Ng5 O-O 10. Be3 d5 11. exd5 h6 12. Nf3 b5 13. Nxb5 a6 14. Nbxd4 Nxd5 15.
Nxe5 Nxe3 16. fxe3 Bc5 17. Bxf7+ Rxf7 18. Rxf7 Qd5 19. Qg4 Qxe5 20. Qxg7+ Qxg7
21. Rxg7+ Kxg7 22. Ne6+ Kf6 23. Nxc5 Re8 24. Nxb7 Rxe3 25. Rf1+ Kg5 26. Nc5 h5
27. Ne4+ Kh4 28. Rf4# 1-0

[Event "Tournoi Skype 013B"]
[Site "Skype"]
[Date "????.??.??"]
[Round "1.17"]
[White "Wible, Annie"]
[Black "Karia, Kirti"]
[Result "0-1"]
[WhiteElo "1199"]
[BlackElo "1399"]
[PlyCount "32"]

1. e4 e5 2. c4 Nf6 3. d3 c6 4. Nf3 d6 5. g3 Bg4 6. Bg2 d5 7. O-O dxe4 8. Nc3
exf3 9. Bxf3 Bxf3 10. Qxf3 Bb4 11. Ne4 Nxe4 12. Qxe4 Nd7 13. a3 Bc5 14. Bh6
gxh6 15. Qf5 Qf6 16. Qxf6 Nxf6 0-1

[Event "Tournoi Skype 013B"]
[Site "Skype"]
[Date "????.??.??"]
[Round "1.18"]
[White "Mantelli, Luca"]
[Black "Ruiz Gomez, Luz Alba"]
[Result "0-1"]
[WhiteElo "1399"]
[BlackElo "1193"]
[PlyCount "92"]

1. e4 e5 2. Nf3 Nc6 3. Bc4 Nf6 4. d3 Be7 5. Nc3 O-O 6. O-O d6 7. Nd5 Nxd5 8.
Bxd5 Bd7 9. c3 Rb8 10. Bb3 h6 11. d4 exd4 12. cxd4 Bf6 13. Be3 Re8 14. Bc2 Nb4
15. Bb1 Bc6 16. Nd2 d5 17. f3 dxe4 18. Nxe4 Bxe4 19. fxe4 Nc6 20. e5 Bg5 21.
Bxg5 Qxg5 22. Be4 Qe3+ 23. Kh1 Qxe4 24. Re1 Qf4 25. g3 Qg5 26. Rc1 Rbd8 27. Rc4
Rc8 28. a3 Na5 29. Ra4 Nc6 30. d5 Nxe5 31. Rxa7 Ra8 32. Rxb7 Rac8 33. Qc2 Qg6
34. Qc3 Qd6 35. Rd1 Ng4 36. Kg2 Re2+ 37. Kf3 Re3+ 38. Kxg4 Rxc3 39. bxc3 Re8
40. Rd4 h5+ 41. Kf3 Qe5 42. Rb1 Qe2+ 43. Kf4 Qe5+ 44. Kf3 Qf5+ 45. Kg2 Re2+ 46.
Kg1 Qf2+ 0-1

[Event "Tournoi Skype 013B"]
[Site "Skype"]
[Date "????.??.??"]
[Round "1.21"]
[White "Lecluyse, Koenraad"]
[Black "Mazzei, Lucrezia"]
[Result "1-0"]
[WhiteElo "1173"]
[BlackElo "1399"]
[PlyCount "41"]

1. d4 d5 2. Nf3 Nf6 3. Bf4 e6 4. e3 Bb4+ 5. c3 Ba5 6. Bd3 O-O 7. O-O Nc6 8.
Nbd2 Ne7 9. e4 Qd7 10. Bg5 Nh5 11. Ne5 Qd6 12. Bxe7 Qxe7 13. Qxh5 g6 14. Qh6
Re8 15. Ndf3 dxe4 16. Bxe4 Qf6 17. Ng5 Qf4 18. Bd3 Qd2 19. Rac1 Qxb2 20. Qxh7+
Kf8 21. Qxf7# 1-0

[Event "Tournoi Skype 013B"]
[Site "Skype"]
[Date "????.??.??"]
[Round "1.22"]
[White "Perrone, Gabriel Lorenzo"]
[Black "Armingaud, Jean-Claude"]
[Result "1-0"]
[WhiteElo "1399"]
[BlackElo "1150"]
[PlyCount "29"]

1. d4 d5 2. c4 e6 3. a3 Nc6 4. Nf3 Nf6 5. Nc3 Bb4 6. axb4 Nxb4 7. Qa4+ Bd7 8.
Qxb4 b6 9. e3 a5 10. Qb3 O-O 11. Bd3 h6 12. Qc2 Qe7 13. O-O c5 14. b3 cxd4 15.
Ba3 1-0

[Event "Tournoi Skype 013B"]
[Site "Skype"]
[Date "????.??.??"]
[Round "1.23"]
[White "Bilsel, Sebahittin"]
[Black "Vitale, Maxi"]
[Result "1-0"]
[WhiteElo "1150"]
[BlackElo "1399"]
[PlyCount "61"]

1. e4 e5 2. Nf3 Nc6 3. Bc4 h6 4. h3 Qe7 5. d3 a6 6. a3 Nf6 7. Nc3 d6 8. O-O Be6
9. Ba2 g6 10. Be3 Bg7 11. d4 exd4 12. Nxd4 Nxd4 13. Bxd4 c5 14. Be3 O-O 15. f3
Bxa2 16. Rxa2 Rac8 17. Nd5 Nxd5 18. Qxd5 b6 19. Bf4 Rfd8 20. Re1 Qh4 21. Qd2
Qe7 22. Bxh6 Bh8 23. b4 c4 24. Bg5 f6 25. Qd5+ Qf7 26. Qxf7+ Kxf7 27. Be3 Rc6
28. a4 Rb8 29. b5 axb5 30. axb5 Rcc8 31. Ra7+ 1-0

[Event "Tournoi Skype 013B"]
[Site "Skype"]
[Date "????.??.??"]
[Round "1.24"]
[White "Milanese, Serge"]
[Black "Baker, Abi"]
[Result "1-0"]
[WhiteElo "1396"]
[BlackElo "1118"]
[PlyCount "85"]

1. e4 e6 2. d4 d5 3. e5 c5 4. Nf3 Nc6 5. c3 Bd7 6. Bd3 c4 7. Bc2 Nge7 8. Ng5
Qb6 9. Nxf7 Nxd4 10. Nd6+ Kd8 11. cxd4 Ng6 12. Nf7+ Kc7 13. Nxh8 Bb4+ 14. Nc3
Rxh8 15. O-O Nh4 16. Be3 Nf5 17. Qg4 g6 18. Bxf5 exf5 19. Qf4 Be6 20. Nxd5+
Bxd5 21. e6+ Bd6 22. Qg5 Bxe6 23. Qf6 Re8 24. d5 Qb5 25. dxe6 Qe5 26. Qxe5 Bxe5
27. Rac1 b5 28. a4 c3 29. bxc3 bxa4 30. Rfd1 Rxe6 31. c4 f4 32. Bd4 Rd6 33.
Bxe5 Kd7 34. Rxd6+ Ke7 35. Rcd1 f3 36. gxf3 h5 37. Bg3 a3 38. Rd7+ Kf6 39. Rxa7
g5 40. Ra6+ Ke7 41. Rb1 a2 42. Rb7+ Kd8 43. Ra8# 1-0

[Event "Tournoi Skype 013B"]
[Site "Skype"]
[Date "????.??.??"]
[Round "1.25"]
[White "Lemoine, Gerard"]
[Black "Raheja, Shiv"]
[Result "0-1"]
[WhiteElo "1077"]
[BlackElo "1395"]
[PlyCount "40"]

1. d4 d5 2. e3 Nf6 3. Bd3 Bg4 4. f3 Bd7 5. f4 Nc6 6. Nf3 e6 7. c3 Bd6 8. O-O
Ne7 9. Ne5 O-O 10. g4 Nc6 11. g5 Ne4 12. Nd2 f6 13. Nxe4 fxe5 14. Nxd6 cxd6 15.
Bxh7+ Kxh7 16. Qh5+ Kg8 17. g6 Rf5 18. Qh7+ Kf8 19. fxe5 Qg5+ 20. Kh1 Rxf1# 0-1

[Event "Tournoi Skype 013B"]
[Site "Skype"]
[Date "????.??.??"]
[Round "1.26"]
[White "Khatanhar, Mohit"]
[Black "Rival, Jocelyn"]
[Result "1-0"]
[WhiteElo "1392"]
[BlackElo "1071"]
[PlyCount "41"]

1. e4 e6 2. d4 d5 3. e5 Nd7 4. Be3 Ngf6 5. h3 Ne4 6. Bd3 Ng5 7. f4 Ne4 8. Nd2
Bb4 9. c3 Nxc3 10. bxc3 Bxc3 11. Rc1 Bb2 12. Rc2 Ba3 13. Ngf3 f6 14. exf6 Nxf6
15. O-O c6 16. Nh2 Qc7 17. Ndf3 Nd7 18. Ne5 Nxe5 19. fxe5 c5 20. Qh5+ g6 21.
Bxg6+ 1-0

[Event "Tournoi Skype 013B"]
[Site "Skype"]
[Date "????.??.??"]
[Round "1.27"]
[White "Coude, Josue"]
[Black "Capdeville, Jean"]
[Result "0-1"]
[WhiteElo "1066"]
[BlackElo "1384"]
[PlyCount "60"]

1. e4 e6 2. Nf3 d6 3. d3 e5 4. Nc3 Nf6 5. Be3 a6 6. a4 Nc6 7. g3 Ng4 8. Qd2
Nxe3 9. Qxe3 Ne7 10. Bg2 c6 11. b3 b6 12. O-O Ng6 13. h3 Be7 14. b4 Bb7 15. b5
axb5 16. axb5 O-O 17. d4 Qc7 18. dxe5 Nxe5 19. Nxe5 dxe5 20. Rfd1 Rfd8 21. Bf3
Rxd1+ 22. Rxd1 Rd8 23. Rxd8+ Qxd8 24. Bh5 Bc5 25. Qf3 Qe7 26. bxc6 Bxc6 27. Nd5
Bxd5 28. exd5 e4 29. c4 exf3 30. Bxf3 Bd6 0-1

[Event "Tournoi Skype 013B"]
[Site "Skype"]
[Date "????.??.??"]
[Round "1.28"]
[White "Cossalter, Maurizio"]
[Black "Pedneault, Anne-Frederique"]
[Result "1-0"]
[WhiteElo "1382"]
[BlackElo "1038"]
[PlyCount "45"]

1. e4 e5 2. Nf3 Nc6 3. Bb5 Nf6 4. d3 Bc5 5. Bxc6 bxc6 6. Nxe5 Qe7 7. Nf3 O-O 8.
O-O Bd6 9. Bg5 h6 10. Bxf6 Qxf6 11. Nbd2 Qf4 12. Rb1 g5 13. g3 Qg4 14. Nd4 Qh3
15. Qf3 g4 16. Qg2 Qh5 17. Nf5 Re8 18. Nxd6 cxd6 19. f3 d5 20. fxg4 Qxg4 21.
Qf3 Qh3 22. Qxf7+ Kh8 23. Qxe8+ 1-0

[Event "Tournoi Skype 013B"]
[Site "Skype"]
[Date "????.??.??"]
[Round "1.29"]
[White "Farthouat, Catherine"]
[Black "Martin, Jean-Claude"]
[Result "0-1"]
[WhiteElo "1018"]
[BlackElo "1375"]
[PlyCount "70"]

1. e4 e5 2. Nf3 Nc6 3. Bc4 Nf6 4. Nc3 Bb4 5. Ng5 d5 6. exd5 Na5 7. Bb5+ c6 8.
dxc6 bxc6 9. Ba4 h6 10. Nge4 Bxc3 11. bxc3 Nxe4 12. O-O O-O 13. Re1 Bf5 14. Rb1
Rb8 15. Bb2 Nxd2 16. Rc1 Rxb2 17. h3 Rxa2 18. Rxe5 Rxa4 19. Rxf5 Ne4 20. Qg4
Nxc3 21. Qf3 Ne4 22. Rd1 Nd2 23. Qg3 Re4 24. f3 Re2 25. Qf4 Nxf3+ 26. Qxf3
Qxd1+ 27. Qf1 Qxf1+ 28. Kxf1 Rfe8 29. Rxa5 Re1+ 30. Kf2 R8e2+ 31. Kg3 Rg1 32.
Rxa7 Rgxg2+ 33. Kh4 g6 34. Ra8+ Kg7 35. Rc8 Re4# 0-1

[Event "Tournoi Skype 013B"]
[Site "Skype"]
[Date "????.??.??"]
[Round "1.30"]
[White "Rugman, Dan"]
[Black "Talbot, Jean"]
[Result "1-0"]
[WhiteElo "1367"]
[BlackElo "1009"]
[PlyCount "45"]

1. e4 e5 2. Nf3 Nc6 3. Bc4 Bc5 4. b4 Bxb4 5. c3 Ba5 6. d4 exd4 7. Qb3 Qf6 8.
Ng5 Nh6 9. O-O O-O 10. Bb2 Ne5 11. Nxh7 Kxh7 12. Qc2 Nxc4 13. e5+ g6 14. exf6
Ng8 15. Qa4 Bb6 16. Qxc4 Nxf6 17. cxd4 d6 18. Re1 Re8 19. Nd2 Be6 20. d5 Bxd5
21. Qh4+ Kg8 22. Qxf6 Re6 23. Qg7# 1-0

[Event "Tournoi Skype 013B"]
[Site "Skype"]
[Date "????.??.??"]
[Round "1.32"]
[White "Sauvaget, Joel"]
[Black "Letourneau, Judith"]
[Result "1-0"]
[WhiteElo "1344"]
[BlackElo "1000"]
[PlyCount "33"]

1. e4 e5 2. Nf3 Nc6 3. Bb5 Bc5 4. Bxc6 bxc6 5. Nxe5 d6 6. Nf3 Nf6 7. d3 O-O 8.
O-O Bb4 9. c3 c5 10. cxb4 cxb4 11. b3 Re8 12. Bb2 Nh5 13. h3 Bb7 14. Nh2 d5 15.
Qxh5 h6 16. Qg4 dxe4 17. Qxg7# 1-0

[Event "Tournoi Skype 013B"]
[Site "Skype"]
[Date "????.??.??"]
[Round "1.33"]
[White "Marty, Yvette"]
[Black "Vincent, Andre"]
[Result "0-1"]
[WhiteElo "1000"]
[BlackElo "1343"]
[PlyCount "92"]

1. e4 c5 2. d4 cxd4 3. Qxd4 Nc6 4. Qd1 Nf6 5. Nc3 d6 6. Nf3 g6 7. Bb5 Bd7 8.
Bc4 Bg7 9. Qe2 O-O 10. O-O Na5 11. Nd5 Nxd5 12. Bxd5 e5 13. Be3 Bc6 14. b4 Bxd5
15. exd5 e4 16. Nd4 Bxd4 17. Bxd4 Re8 18. f3 f5 19. Qd2 Nc4 20. Qh6 Qe7 21.
fxe4 Ne5 22. h3 Qg7 23. Qxg7+ Kxg7 24. exf5 Rf8 25. c4 Kg8 26. c5 Nd7 27. cxd6
a6 28. Rae1 Rae8 29. Re7 Rxe7 30. dxe7 Re8 31. d6 Kf7 32. fxg6+ Kxg6 33. Rf4 b5
34. a3 Kg5 35. Rf8 Rxf8 36. exf8=Q Nxf8 37. Bg7 Nd7 38. g3 Kf5 39. g4+ Ke6 40.
g5 Kxd6 41. Kg2 Kd5 42. Kf3 Kc4 43. Ke3 Kb3 44. a4 Kxa4 45. Bb2 Kxb4 46. Bc3+
Kxc3 0-1

[Event "Tournoi Skype 013B"]
[Site "Skype"]
[Date "????.??.??"]
[Round "1.34"]
[White "Ouellet, Emile"]
[Black "Yardimci, Ertan"]
[Result "0-1"]
[WhiteElo "1314"]
[BlackElo "1300"]
[PlyCount "54"]

1. e4 e5 2. Nf3 Nc6 3. Bc4 h6 4. O-O Nf6 5. Nc3 Bc5 6. h3 O-O 7. a3 a6 8. d3
Re8 9. Re1 Nd4 10. Nxd4 Bxd4 11. Ne2 Ba7 12. Bd2 c6 13. b4 b5 14. Ba2 d5 15.
exd5 Nxd5 16. Kh1 Nf6 17. Be3 Bxe3 18. fxe3 e4 19. dxe4 Qxd1 20. Raxd1 Nxe4 21.
Bb1 Nf2+ 22. Kg1 Nxd1 23. Rxd1 Rxe3 24. Rd8+ Kh7 25. c4+ g6 26. Nf4 Re1+ 27.
Kf2 Rxb1 0-1

[Event "Tournoi Skype 013B"]
[Site "Skype"]
[Date "????.??.??"]
[Round "2.1"]
[White "Ramirez Reina, Orlando"]
[Black "Capdeville, Jean"]
[Result "1-0"]
[WhiteElo "1475"]
[BlackElo "1384"]
[PlyCount "49"]

1. d4 d5 2. c4 e6 3. Nf3 Be7 4. cxd5 exd5 5. Nc3 c6 6. Bf4 Bd6 7. Bg5 Be7 8.
Bf4 Bd6 9. Qd2 h6 10. Be5 Bxe5 11. Nxe5 Be6 12. e3 Ne7 13. Bd3 O-O 14. O-O Nd7
15. f4 Nxe5 16. fxe5 Ng6 17. Bxg6 fxg6 18. Rxf8+ Qxf8 19. Rf1 Qe7 20. Qf2 Rf8
21. Qg3 Rxf1+ 22. Kxf1 Qf7+ 23. Kg1 g5 24. a3 Qf4 25. exf4 1-0

[Event "Tournoi Skype 013B"]
[Site "Skype"]
[Date "????.??.??"]
[Round "2.2"]
[White "Cossalter, Maurizio"]
[Black "Kruzeniski, Randy"]
[Result "1-0"]
[WhiteElo "1382"]
[BlackElo "1437"]
[PlyCount "105"]

1. d4 Nf6 2. b3 d5 3. Nf3 e6 4. e3 g6 5. Nc3 Bg7 6. Bd3 Nc6 7. O-O O-O 8. Bb2
a6 9. Qe2 Nb4 10. Ne5 Nxd3 11. Nxd3 b5 12. a3 c6 13. a4 b4 14. Nxb4 Qc7 15. e4
a5 16. Nd3 dxe4 17. Nxe4 Nxe4 18. Qxe4 f5 19. Qf4 Qxf4 20. Nxf4 Rd8 21. Rad1
Bh6 22. Ne2 Kf7 23. Rd3 Ba6 24. c4 Bg7 25. Rfd1 Rd7 26. f4 h5 27. g3 Bf8 28.
Bc3 Bb4 29. Bxb4 axb4 30. h4 Rc8 31. Nc1 c5 32. dxc5 Rxd3 33. Nxd3 Bb7 34. Re1
Be4 35. Ne5+ Kf6 36. Nd7+ Ke7 37. Ne5 Kf6 38. Re3 Rd8 39. Kf2 Rd2+ 40. Re2 Rd1
41. c6 Rd8 42. Nd7+ Ke7 43. c7 Kxd7 44. cxd8=Q+ Kxd8 45. Rd2+ Kc7 46. a5 Bb7
47. c5 Kc6 48. Rc2 Ba6 49. Ke3 Kd5 50. Rc1 e5 51. fxe5 Kxe5 52. c6 Kd6 53. c7
1-0

[Event "Tournoi Skype 013B"]
[Site "Skype"]
[Date "????.??.??"]
[Round "2.3"]
[White "Maneval, Dustin"]
[Black "Martin, Jean-Claude"]
[Result "1-0"]
[WhiteElo "1436"]
[BlackElo "1375"]
[PlyCount "79"]

1. b4 e5 2. Bb2 d6 3. b5 c5 4. a4 b6 5. e3 Nf6 6. Ne2 a5 7. f4 Bg4 8. h3 Bxe2
9. Qxe2 Ne4 10. Qf3 Qh4+ 11. g3 Qxg3+ 12. Qxg3 Nxg3 13. Bg2 Nxh1 14. Bxa8 Ng3
15. fxe5 dxe5 16. Bxe5 Nf5 17. Bxb8 Bd6 18. Bc6+ Ke7 19. Bxd6+ Kxd6 20. Na3 Ne7
21. Be4 f5 22. Nc4+ Kc7 23. Bf3 g5 24. O-O-O h5 25. Rh1 Ng6 26. e4 fxe4 27.
Bxe4 Nf4 28. c3 Re8 29. Bf3 Nd3+ 30. Kb1 h4 31. Rg1 Re1+ 32. Rxe1 Nxe1 33. Be4
g4 34. hxg4 h3 35. Ne3 Kd6 36. g5 Ke5 37. Bh1 Ke6 38. d4 cxd4 39. cxd4 Nd3 40.
d5+ 1-0